logo

Bir Sreshtho Munshi Abdur Rouf Library
Jhenaidah Cadet College

Guiding creative talent / (Record no. 7607)

MARC details
000 -LEADER
fixed length control field 00904cam a2200289 i 4500
001 - CONTROL NUMBER
JCCL Control Number 7607
003 - CONTROL NUMBER IDENTIFIER
JCCL marc code BD-JhCC
005 - DATE AND TIME OF LATEST TRANSACTION
control field 20180212120556.0
008 - FIXED-LENGTH DATA ELEMENTS--GENERAL INFORMATION
fixed length control field 760331r1976 nyua b 001 0 eng
020 ## - INTERNATIONAL STANDARD BOOK NUMBER
International Standard Book Number 0882754041
035 ## - SYSTEM CONTROL NUMBER
system control number (BD-JhCC)7607
040 ## - CATALOGING SOURCE
Original cataloging agency DLC
Transcribing agency DLC
Modifying agency DLC
-- BD-JhCC
041 ## - LANGUAGE CODE
Language code of Book eng
050 10 - LIBRARY OF CONGRESS CALL NUMBER
Classification number LC3993.2
Item number .T67 1976
082 00 - DEWEY DECIMAL CLASSIFICATION NUMBER
Classification number 371.9/5
Author mark and Year TOR 1976
100 1# - MAIN ENTRY--PERSONAL NAME
Personal name Torrance, E. Paul
Fuller form of name (Ellis Paul),
Dates associated with a name 1915-2003.
245 10 - TITLE STATEMENT
Title Guiding creative talent /
Statement of responsibility, etc E. Paul Torrance.
260 ## - PUBLICATION, DISTRIBUTION, ETC. (IMPRINT)
Place of publication, distribution, etc Huntington, N.Y. :
Name of publisher, distributor, etc R. E. Krieger Pub. Co.,
Date of publication, distribution, etc 1976, c1962.
300 ## - PHYSICAL DESCRIPTION
Pagination xix, 277 p. :
Other physical details ill. ;
Dimensions 24 cm.
500 ## - GENERAL NOTE
General note Reprint of the ed. published by Prentice-Hall, Englewood Cliffs, N.J.
500 ## - GENERAL NOTE
General note Includes indexes.
504 ## - BIBLIOGRAPHY, ETC. NOTE
Bibliography, etc Bibliography: p. 255-270.
650 #0 - SUBJECT ADDED ENTRY--TOPICAL TERM
Topical term or geographic name as entry element Gifted children
General subdivision Education.
650 #0 - SUBJECT ADDED ENTRY--TOPICAL TERM
Topical term or geographic name as entry element Creation (Literary, artistic, etc.)
942 ## - ADDED ENTRY ELEMENTS (KOHA)
Source of classification or shelving scheme Dewey Decimal Classification
Koha item type Books
Holdings
Source of classification or shelving scheme Damaged status Not for loan Home library Current library Shelving location Total Checkouts Full call number Barcode Date last seen Copy number Koha item type
Dewey Decimal Classification     JCC Rouf Library JCC Rouf Library General Stacks   371.9/5 TOR 1976 10180 02/12/2018 C - 1 Books

JCC Library | Contacts | JCC Home

Last Update on 23 September 2017
Copyright @ 2017-2020 JCC Rouf Library
Rouf Library, Jhenidah Cadet College (JCC), Bangladesh